<?xml version="1.0" encoding="utf-8"?>
<?xml-stylesheet type='text/xsl' href='./oai2.xsl'?>
<OAI-PMH xmlns="http://www.openarchives.org/OAI/2.0/" xmlns:xsi="http://www.w3.org/2001/XMLSchema-instance" xsi:schemaLocation="http://www.openarchives.org/OAI/2.0/ http://www.openarchives.org/OAI/2.0/OAI-PMH.xsd">
  <responseDate>2026-06-05T22:37:16Z</responseDate>
  <request verb="GetRecord" metadataPrefix="marcxml" identifier="record_kuniweb_415393">https://kulturerbe.niedersachsen.de/oai</request>
  <GetRecord>
    <record>
      <header>
        <identifier>record_kuniweb_415393</identifier>
        <datestamp>2026-03-31T19:09:18Z</datestamp>
        <setSpec>slg0186</setSpec>
      </header>
      <metadata>
        <marc:record xmlns:marc="http://www.loc.gov/MARC21/slim" xsi:schemaLocation="http://www.loc.gov/MARC21/slim http://www.loc.gov/standards/marcxml/schema/MARC21slim.xsd">
          <marc:leader>12345nrm  22     uu 4500</marc:leader>
          <marc:controlfield tag="001">415393</marc:controlfield>
          <marc:controlfield tag="003">http://kuniweb.gbv.de</marc:controlfield>
          <marc:controlfield tag="005">2025-06-20T12:04:45</marc:controlfield>
          <marc:controlfield tag="008">|           ||||||||||||||||||||||</marc:controlfield>
          <marc:datafield tag="245" ind1="1" ind2="0">
            <marc:subfield code="a">Sahnekännchen</marc:subfield>
          </marc:datafield>
          <marc:datafield tag="700" ind1="1" ind2=" ">
            <marc:subfield code="a">Jahann Anton Wilhelm Grasemann</marc:subfield>
            <marc:subfield code="e">HerstellerIn</marc:subfield>
          </marc:datafield>
          <marc:datafield tag="655" ind1=" " ind2="7">
            <marc:subfield code="a">Kunsthandwerk</marc:subfield>
          </marc:datafield>
          <marc:datafield tag="046" ind1=" " ind2=" ">
            <marc:subfield code="k">1790</marc:subfield>
            <marc:subfield code="k">um 1790-1826 (Vermutung (Jahr der Meisterwerdung 1790 -  Sterbejahr 1826))</marc:subfield>
            <marc:subfield code="l">1826</marc:subfield>
          </marc:datafield>
          <marc:datafield tag="260" ind1=" " ind2=" ">
            <marc:subfield code="g">1790</marc:subfield>
            <marc:subfield code="g">1826</marc:subfield>
            <marc:subfield code="g">um 1790-1826 (Vermutung (Jahr der Meisterwerdung 1790 -  Sterbejahr 1826))</marc:subfield>
          </marc:datafield>
          <marc:datafield tag="300" ind1=" " ind2=" ">
            <marc:subfield code="a">Höhe: 13,3 cm
Breite: 9 cm
Tiefe: 5,5 cm
Gewicht: 138 g</marc:subfield>
          </marc:datafield>
          <marc:datafield tag="520" ind1=" " ind2=" ">
            <marc:subfield code="a">Über dem runden, gestuften Fuß mit Eierstabdekor erhebt sich der glattwandige und leicht gebauchte Kannenkörper. Ein aufgelegtes Band mit Blattfries an der Schulter. Hals leicht konisch, der breite Ausguss schwingt nach oben. 
Der ohrenförmige Holzgriff mit abgeplatteter Daumenrast mündet in Manschetten mit Akanthusdekor. Das Gefäßinnere ist vergoldet.
13-lötiges Silber (Beizeichen: 10).
nach Spies: MZ: 634d / ÄZ: ohne / BZ: 53. (Städtisches Museum Braunschweig)

Stempel:
"WG"; "10" (Meistermarke und Beizeichen für 13 Lot; dazu Stadtmarke, unter dem Fuß)

Veröffentlicht in:
G. Spies, „Braunschweiger Goldschmiede : Geschichte, Werke, Meister und Marken“. Klinkhardt &amp; Biermann, MÜnchen [u.a], 1996. (Bd. 2, S. 162, Abb. 426 u. Bd. 3, S. 205, Nr. 634/3.)</marc:subfield>
          </marc:datafield>
          <marc:datafield tag="650" ind1="1" ind2=" ">
            <marc:subfield code="a">Behältnis, Hülle &gt; Behältnis &gt; Gefäß &gt; Krug</marc:subfield>
          </marc:datafield>
          <marc:datafield tag="650" ind1="1" ind2=" ">
            <marc:subfield code="a">Gebrauchsgegenstand</marc:subfield>
          </marc:datafield>
          <marc:datafield tag="650" ind1="1" ind2=" ">
            <marc:subfield code="a">Kaffee- und Teegeschirr</marc:subfield>
          </marc:datafield>
          <marc:datafield tag="773" ind1="0" ind2=" ">
            <marc:subfield code="t">Sammlung Kunstgewerbe</marc:subfield>
          </marc:datafield>
          <marc:datafield tag="852" ind1=" " ind2=" ">
            <marc:subfield code="a">Städtisches Museum Braunschweig</marc:subfield>
          </marc:datafield>
          <marc:datafield tag="852" ind1=" " ind2=" ">
            <marc:subfield code="a">Braunschweig</marc:subfield>
          </marc:datafield>
          <marc:datafield tag="" ind1=" " ind2=" ">
            <marc:subfield code="a">Namensnennung - Nicht kommerziell - Keine Bearbeitungen 4.0 International (CC BY-NC-ND 4.0)</marc:subfield>
          </marc:datafield>
        </marc:record>
      </metadata>
    </record>
  </GetRecord>
</OAI-PMH>
